00394nam a2200145 a 450000500170000000800410001702000180005805000230007610000190009924500310011826000410014930000220019065000180021265000180023020140412111307.0010502s19uu xx 00 eng d a0-14-054988-9 aTR(PS EbBo63 1982 aRockwell, Anne aBoats /cby Anne Rockwell. aNew York :bA Puffin Unicorn,c1982. a1v. (unp.) ; ill. aBoats-Fiction aBoats-Fiction